01005nam a2200217 i 4500001000700000003000900007005001700016007000300033008004100036100004100077245012900118260010000247300007400347490004000421650005900461650004900520830004800569852003100617999001900648952012000667108568ES-MaACL20240125063138.0t|061121s1976 sp r ||||1| spa d1 aMonleón, José,d1927-201698223010a4 autores críticos: J.M. Rodríguez Méndez, J. Martín Recuerda, Francisco Nieva, Jesús Campos / cJosé Monleón. aGranada : bUniversidad, Secretariado de Extensión Universitaria, Gabinete de Teatro, c1976. a7 h., 162 p. 2 h. con lám. pleg. neg. y col : bil. ; c22 x 22 cm.1 aLibros del Gabinete de Teatro ; v1 4aTeatro español-yS.XX-xHistoria y crítica.917361 4aEscritores españoles-vEntrevistas.9123860 aLibros del Gabinete de Teatro ; v19232944 aES-MaACLjA-6501 bR.95128 c108568d108568 00104070aATENEOMbATENEOMcSPP1d2008-01-17eSCl0oA-6501p1113285r2023-02-23 00:00:00w2023-02-23yMONOGRAFIA